Formula 1: Most Wins without Championship - Statistics

General Stats
  • This quiz has been taken 668 times
    101 since last reset
  • The average score is 21 of 29
Answer Stats
Wins Driver Nationality Active years
% Correct
10 Valtteri Bottas Finland 2013-
95%
13 David Coulthard United Kingdom 1994-2008
94%
8 Charles Leclerc Monaco 2018-
93%
7 Juan Pablo Montoya Colombia 2001-2006
93%
9 Oscar Piastri Australia 2023-
93%
11 Rubens Barrichello Brazil 1993-2011
93%
4 Carlos Sainz Spain 2015-
92%
11 Felipe Massa Brazil 2002, 2004-2017
92%
8 Daniel Ricciardo Australia 2011-2024
91%
9 Mark Webber Australia 2002-2013
91%
6 Sergio Pérez Mexico 2011-2024
91%
5 George Russell United Kingdom 2019-
84%
6 Gilles Villeneuve Canada 1977-1982
78%
16 Stirling Moss United Kingdom 1951-1961
78%
8 Jacky Ickx Belgium 1967-1979
74%
10 Gerhard Berger Austria 1984-1997
73%
12 Carlos Reutemann Argentina 1972-1982
72%
10 Ronnie Peterson Sweden 1970-1978
67%
4 Bruce McLaren New Zealand 1958-1970
64%
6 Ralf Schumacher Germany 1997-2007
64%
5 Clay Regazzoni Switzerland 1970-1980
59%
7 René Arnoux France 1978-1989
57%
4 Eddie Irvine United Kingdom 1993-2002
55%
5 Michele Alboreto Italy 1981-1994
55%
6 Riccardo Patrese Italy 1977-1993
52%
6 Jacques Laffite France 1974-1986
43%
6 Tony Brooks United Kingdom 1956-1961
40%
5 John Watson United Kingdom 1973-1983, 1985
38%
4 Dan Gurney United States 1959-1968, 1970
35%
No matching quizzes found
Score Distribution
Percent of People with Each Score
Percentile by Number Answered
Your Score History
You have not taken this quiz since the last reset